000 00646nam a22002177a 4500
005 20150213160745.0
008 150213b xxu||||| |||| 00| 0 eng d
020 _a9780415896801
_c495.00
040 _aLoreto College
041 _aEnglish
082 _a371.33
_bSEO
245 _aUsing social media effectively in the classroom
_bBlogs,wikis,twitter, and more
_cEdited by Kay Kyeong-Ju Seo
260 _aNew York
_bRoutledge
_c2013
300 _axiv,224p
_b22cm
504 _aIncludes index
650 _aInternet in education
650 _aSocial media in education
700 _4ed.
_aSeo,Kay Kyeong-Ju
850 _aLCLIB
942 _cBK
999 _c39808
_d90287